000 00527nam a22001937a 4500
003 OSt
005 20160510184340.0
008 160510b xxu||||| |||| 00| 0 eng d
020 _a0521478154
040 _cDDC.
082 _a574.5ECO 1996.
100 _aeEdited by Sutherland,J.William.
_98694
245 _aEcological Census Techniques.
_bA handbook.
260 _aUK.
_bCambridge University Press.
_c1996.
300 _axv,336p;
_bill;
_c26cm.
504 _aincludes index.
650 _aEcology.
_9544
942 _2ddc
_cSLOAN
999 _c3973
_d3973